000 00911nas a2200277 4500
001 BR2011006819
003 BR-BrBNA
005 20231205120032.0
007 ta
008 230509b bl.|||p| |||| 00| 00por d
040 _aBR-BrBNA
_bpor
_cBiblioteca Nacional de Agricultura
041 _a(Pt)
072 _aQ02; U10
100 1 _aBorges, P.A.P.
100 1 _aFengler, C.
100 1 _aCervi, A.
245 1 _aEstimativa da difusividade térmica de grãos de soja pelo método da compactação
650 _aGLYCINE MAX
650 _aSECAGEM
650 _aTRANSFERÊNCIA DE CALOR
650 _aMODELO MATEMÁTICO
773 0 _tRevista Brasileira de Engenharia Agrícola e Ambiental (Brazil)
_xISSN 1807-1929
_g(Sep-Oct 2009), v.13(5) p. 591-595
_wBR2011006819
856 4 0 _uhttp://www.scielo.br/pdf/rbeaa/v13n5/v13n05a12.pdf
909 _a202311
_bLúcia
_c55
_dLúcia Elande
942 _2AGRIS
_n0
_cANA
999 _c216767
_d216767